<?xml version="1.0" encoding="UTF-8"?>
<collection xmlns="http://www.loc.gov/MARC21/slim">
 <record>
  <leader>00250pamaa2200109   4500</leader>
  <controlfield tag="001">0000052353</controlfield>
  <controlfield tag="005">20140304090000.0</controlfield>
  <controlfield tag="008">140305s2011        eng</controlfield>
  <datafield tag="022" ind1="0" ind2="0">
   <subfield code="a">0013516x</subfield>
  </datafield>
  <datafield tag="245" ind1="1" ind2="0">
   <subfield code="a">Electronics For You : </subfield>
   <subfield code="b">vol. 43 no. 1-8, 2011.</subfield>
  </datafield>
  <datafield tag="300" ind1=" " ind2=" ">
   <subfield code="a">27cm.</subfield>
  </datafield>
  <datafield tag="650" ind1="0" ind2="0">
   <subfield code="a">Magazines </subfield>
  </datafield>
 </record>
</collection>
